[Event "Senior DM 2015"]
[Site "Randers"]
[Date "2015.02.08"]
[Round "2.10"]
[White "Larsen, Henning"]
[Black "Holst, Per"]
[Result "1/2-1/2"]
[LiveChessVersion "1.4.4"]
[BlackElo "2020"]
[WhiteElo "1856"]

1. e4 {[%clk 1:30:52]} e6 {[%clk 1:30:50]} 2. d4 {[%clk 1:31:16]} d5
{[%clk 1:31:12]} 3. e5 {[%clk 1:31:38]} c5 {[%clk 1:31:35]} 4. c3
{[%clk 1:32:03]} Nc6 {[%clk 1:31:57]} 5. Nf3 {[%clk 1:32:26]} Bd7
{[%clk 1:31:17]} 6. Be2 {[%clk 1:30:23]} Nge7 {[%clk 1:29:29]} 7. Na3
{[%clk 1:29:47]} Nf5 {[%clk 1:28:43]} 8. Nc2 {[%clk 1:30:06]} cxd4
{[%clk 1:26:12]} 9. cxd4 {[%clk 1:30:25]} Be7 {[%clk 1:22:30]} 10. O-O
{[%clk 1:29:50]} Qb6 {[%clk 1:17:38]} 11. Kh1 {[%clk 1:18:55]} O-O
{[%clk 1:02:50]} 12. Bd3 {[%clk 1:09:07]} Kh8 {[%clk 0:52:11]} 13. Bxf5
{[%clk 1:04:26]} exf5 {[%clk 0:48:12]} 14. b3 {[%clk 0:44:49]} Rac8
{[%clk 0:42:01]} 15. Bg5 {[%clk 0:27:48]} Bxg5 {[%clk 0:29:28]} 16. Nxg5
{[%clk 0:28:10]} h6 {[%clk 0:29:35]} 17. Nh3 {[%clk 0:21:07]} Ne7
{[%clk 0:23:00]} 18. f4 {[%clk 0:13:55]} Rc3 {[%clk 0:21:37]} 19. Rf3
{[%clk 0:08:59]} Rfc8 {[%clk 0:21:04]} 20. Ne3 {[%clk 0:07:37]} Bb5
{[%clk 0:19:31]} 21. Nf2 {[%clk 0:07:06]} Qa6 {[%clk 0:16:56]} 22. Qd2
{[%clk 0:05:34]} Qa3 {[%clk 0:14:57]} 23. Nc4 {[%clk 0:04:19]} dxc4
{[%clk 0:12:00]} 24. Qxc3 {[%clk 0:02:14]} Nd5 {[%clk 0:11:51]} 25. Qc1
{[%clk 0:02:13]} Qxc1+ {[%clk 0:11:00]} 26. Rxc1 {[%clk 0:02:35]} c3
{[%clk 0:11:26]} 27. Nd3 {[%clk 0:01:27]} a5 {[%clk 0:04:53]} 28. a4
{[%clk 0:01:46]} 1/2-1/2